Alcantarillado y tratamiento de aguas negras
Gardado en:
| Main Authors: | , |
|---|---|
| Formato: | Libro |
| Idioma: | Lingua castelá |
| Publicado: |
Ciudad de México
Continental
1961
|
| Subjects: | |
| Tags: |
Engadir etiqueta
Sen Etiquetas, Sexa o primeiro en etiquetar este rexistro!
|
MARC
| LEADER | 00000nam a2200000 a 4500 | ||
|---|---|---|---|
| 001 | UCV9017 | ||
| 003 | CL-VaPUC | ||
| 008 | 920416e19610000MX |||||||||||||||||spa|d | ||
| 082 | 0 | 4 | |a 628.24 |b BAB |2 21 |
| 100 | 0 | |a Babbitt, Harold E |e author |9 302997 | |
| 700 | 0 | |a Baumann, E. Robert |e author |9 302998 | |
| 245 | 1 | 0 | |a Alcantarillado y tratamiento de aguas negras |
| 300 | |a 881 p | ||
| 942 | |c BK | ||
| 945 | |d 19920416 00:00:00 | ||
| 260 | |a Ciudad de México |b Continental |c 1961 | ||
| 650 | 0 | |a Alcantarillado |9 260369 | |
| 650 | 0 | |a Diseño y construcción |9 260862 | |
| 650 | 7 | |a ELIMINACION DE AGUAS SERVIDAS |2 CL-VaPUC |9 261327 | |
| 583 | |a last modification |c 19920416 00:00:00 |k Rodrigo Vera | ||
| 999 | |c 214417 |d 214415 | ||
| 952 | |0 0 |1 0 |4 0 |6 628_240000000000000_BAB_1961 |7 0 |8 P |9 197740 |a BIBARQ |b BIBARQ |d 2019-11-14 |i 2654067 |o 628.24 BAB 1961 |p 2654067 |r 2025-01-20 |w 2019-11-14 |y BK |k ARQ | ||